| 000 | 003340000a22001330004500 | ||
|---|---|---|---|
| 090 |
_aAR _b04575 |
||
| 100 | 1 |
_aAnderson, Gregory J. _998686 |
|
| 700 | 1 |
_aSymon, David E. _998687 |
|
| 245 | 1 | 0 | _aExtrafloral nectaries in Solanum |
| 041 | 0 | _aInglés | |
| 300 | _bilus. | ||
| 942 | _cARTICULO | ||
| 773 | 1 |
_tBiotropica _h1 _q40-45 p. _d1985 _g17 |
|
| 999 |
_c13675 _d13675 |
||